000 00352 a2200169 4500
001 183448
020 _a85-322-1174-7
040 _cMagnum
100 _aBraido, Eunice
240 1 0 _aA ostra e a pérola
_lpor
245 1 0 _aA ostra e a pérola
300 _a12
362 0 _a2001
440 1 _aFTD
697 _aLITERATURA INFANTIL
942 _cBK
999 _c183448
_d183448